000 00983nam a22002297a 4500
999 _c177564
_d177564
005 20210407163354.0
010 _aB-739303-305 B-739726
020 _a9789351952916
_c299.00
035 _aB-739303-305
035 _aB-739726
037 _bHachette India
037 _bGift
082 _a485
100 _aBlyton, Enid
245 _aI love to write:
_bfun with grammer and punctuation /
_cby Enid Blyton
260 _bHachette Book Publishing
_aGurugram
_c2019
270 _a4th and 5th Floors, Corporate Centre, Plot No. 94, Sector 44
_bGurugram
_e122003
300 _a105p.:
_c23cm(pbk)
_bill.
942 _2ddc
_cCH
_mBLY
_h485